00849nam a2200241Ia 4500003000400000005001700004008004100021020001800062040001800080041000800098082002300106100003100129245005000160250001200210260006700222300002500289650004100314650004000355650003400395942002700429999001900456952013200475OSt20250828150127.0210716s2008 xx 000 0 und d a9788184044157 cAIMIT LIBRARY aeng a005.7406 21bLAWS aGunning, Philip K.9237308 aDB2 9 for developers /cBy Philip K. Gunning. a1st ed. aMumbai :bShroff Publishers and Distributors Pvt Ltd ,c2008. a552p.;bPBc24.2 cm. aXml evolution and revolution9237309 aLogical and physical design9237310 aProblem Determination9237311 2ddccBKk005.7406 LAWS c191118d191118 001040708MCAaAIMITbAIMITeKnowledge Worldg550.00l0o005.7406 LAWSpMCA10626r2026-05-23 00:00:00v412.50w2021-07-16yBK